Detalles MARC
| 000 -LEADER |
| fixed length control field |
01516nam a22002417a 4500 |
| 003 - CONTROL NUMBER IDENTIFIER |
| control field |
OSt |
| 005 - DATE AND TIME OF LATEST TRANSACTION |
| control field |
20210301111708.0 |
| 008 - FIXED-LENGTH DATA ELEMENTS--GENERAL INFORMATION |
| fixed length control field |
210301s1978 ck ||||gr|||| 00| 0 spa d |
| 040 ## - CATALOGING SOURCE |
| Original cataloging agency |
CO-JMCR |
| Transcribing agency |
CO-JMCR |
| 041 1# - LANGUAGE CODE |
| Language code of text/sound track or separate title |
spa |
| 082 04 - DEWEY DECIMAL CLASSIFICATION NUMBER |
| Classification number |
323.11980861 / |
| Item number |
F899i |
| Edition number |
23 |
| 100 ## - MAIN ENTRY--PERSONAL NAME |
| Personal name |
Friede, Juan, |
| Relator term |
autor |
| 9 (RLIN) |
11500 |
| 245 10 - TITLE STATEMENT |
| Title |
Indígenas y represión en Colombia |
| Statement of responsibility, etc. |
Juan Friede, Orlando Fals Borda, Alejandro Reyes, [y 5 más] |
| 260 ## - PUBLICATION, DISTRIBUTION, ETC. |
| Place of publication, distribution, etc. |
Bogotá : |
| Name of publisher, distributor, etc. |
Centro de investigaciones y educación popular, |
| Date of publication, distribution, etc. |
1978 |
| 300 ## - PHYSICAL DESCRIPTION |
| Extent |
96 páginas ; |
| Dimensions |
21 cm. |
| 490 0# - SERIES STATEMENT |
| Series statement |
Controversia ; |
| Volume/sequential designation |
79 |
| 505 0# - FORMATTED CONTENTS NOTE |
| Title |
Proceso de aculturación del indígena en Colombia / |
| Statement of responsibility |
Juan Friede -- |
| Title |
El Cric y la tradición libertaria campesina / |
| Statement of responsibility |
Orlando Fals Borda -- |
| Title |
El estatuto indígena o la nueva encomienda Bonapartista / |
| Statement of responsibility |
Adolfo Triana A. -- |
| Title |
Mecanismos actuales de exterminio indígena / |
| Statement of responsibility |
Yesid Campos -- |
| Title |
Militarización de zonas campesinas del Cauca / |
| Statement of responsibility |
Alejandro Reyes P. -- |
| Title |
La represión contra los indígenas del Cauca / |
| Statement of responsibility |
Consejo regional indígena del Cauca, CRIC -- |
| Title |
Situación actual del CRIC / |
| Statement of responsibility |
Jesús Avirama -- |
| Title |
Documentos para la historia de la gente quemadora / |
| Statement of responsibility |
Roberto Pineda -- |
| Title |
Procesos políticos del CRIC : comunicado desde la cárcel de Villanueva de Cali |
| 651 14 - SUBJECT ADDED ENTRY--GEOGRAPHIC NAME |
| Geographic name |
Consejo Regional Indígena del Cauca |
| 9 (RLIN) |
14131 |
| 651 24 - SUBJECT ADDED ENTRY--GEOGRAPHIC NAME |
| Geographic name |
Indios de América del Sur |
| General subdivision |
Relaciones gubernamentales |
| 9 (RLIN) |
14132 |
| 700 1# - ADDED ENTRY--PERSONAL NAME |
| Personal name |
Fals Borda, Orlando, |
| Relator term |
autor |
| 9 (RLIN) |
2218 |
| 700 1# - ADDED ENTRY--PERSONAL NAME |
| Personal name |
Reyes, Alejandro, |
| Relator term |
autor |
| 9 (RLIN) |
14133 |
| 942 ## - ADDED ENTRY ELEMENTS (KOHA) |
| Source of classification or shelving scheme |
Dewey Decimal Classification |
| Koha item type |
Books |